书目信息 |
| 书名: | Probability models and applications | |
| 作者: | Ingram Olkin, Leon J. Gleser, Cyrus Derman. | |
| 分册号: | ||
| 分册名: | 出版地: | New York : |
|
| 出版社: | Macmillan | |
| 出版时间: | c1980. | |
| 页数: | xiii, 576 p. : | |
| 开本: | 25 cm. | |
| 丛书名: | ||
| 中图分类号: | ||
| 科图分类号: | ||
| 其他分类号: | O211-43 | |
| 主题词: | ||
| 电子资源: | ||
| 000 | 00770nam 2200265 4504 | |
| 001 | E0752503976 | |
| 005 | 20070228143546.20 | |
| 008 | 790523s1980 nyua b 00110 eng | |
| 010 | @a79015729 | |
| 020 | @a0023892307. | |
| 040 | @aDLC@cDLC@dCIN | |
| 050 | 00 | @aQA273@b.O4 1980 |
| 082 | @a519.2 | |
| 090 | @aP161/W128 | |
| 090 | @aO211-43 | |
| 099 | @dO211-43@ex2 | |
| 100 | 1 | @aOlkin, Ingram. |
| 245 | 10 | @aProbability models and applications / @cIngram Olkin, Leon J. Gleser, Cyrus Derman. |
| 260 | 0 | @aNew York :@bMacmillan,@cc1980. |
| 300 | @axiii, 576 p. :@bill. ;@c25 cm. | |
| 500 | @aIncludes indexes. | |
| 504 | @aBibliography: p. 557-563. | |
| 650 | 0 | @aProbabilities. |
| 700 | 10 | @aDerman, Cyrus. |
| 700 | 10 | @aGleser, Leon Jay. |
| Probability models and applications / / Ingram Olkin, Leon J. Gleser, Cyrus Derman.-New York : : Macmillan, , c1980. |
| xiii, 576 p. : : ill. ; ; 25 cm. |
| Includes indexes.-Bibliography: p. 557-563. |
| ISBN 0023892307. |
| ● |
| 相关链接 |
|
|
|
|
正题名:Probability models and applications
索取号:O211-43/x2
 
预约/预借
| 序号 | 登录号 | 条形码 | 馆藏地/架位号 | 状态 | 备注 |
| 1 | 181645 | 000439742 | 第二样本阅览室/ [索取号:O211-43/x2] | 在馆 | |
| 2 | 181646 | 000439724 | 第四借阅区/ [索取号:O211-43/x2] | 在馆 |